| 000 | nam a22 7a 4500 | ||
|---|---|---|---|
| 999 |
_c332262 _d332262 |
||
| 003 | NUST | ||
| 005 | 20171122095007.0 | ||
| 008 | 171122b xxu||||| |||| 00| 0 eng d | ||
| 020 | _a0415246512 | ||
| 040 | _c0 | ||
| 082 | _a910.285 WIS | ||
| 100 |
_aWise, Stephen _96613 |
||
| 245 |
_aGIS Basics _cStephen Wise |
||
| 260 |
_aBoca Raton _bCRC Press _c2002 |
||
| 300 | _a218p. | ||
| 500 | _aP.B | ||
| 942 |
_2ddc _cBK _kIESE |
||